000 002720000a22000970004500
100 1 _aKirkpatrick, Sherri
245 1 0 _aUna iniciativa de los niños : Tratamiento de úlceras en las piernas
300 _aNúm 42 (2000), Páginas 10-11
773 0 _tPaso a paso
942 _cANA
999 _c52523
_d52523